000 01197nam a2200289 i 4500
001 190972
003 ES-MaACL
005 20240130191455.0
008 220908s2009 sp 001 0 spa
020 _a978-84-95414-62-5
040 _cES-MaACL
080 _a94(460)(038)
080 _a94(7/8)(038)
100 1 _aRomero Sáiz, Miguel,
_d1952-
_eaut
_9150914
245 1 0 _aDiccionario de términos históricos de España y de la América precolombina y colonial :
_b(prehistoria, hª antigua, medieval, moderna, contemporánea) /
_cMiguel Romero Sáiz ; prólogo de Alberto de la Hera.
260 _aCuenca :
_bAlderabán,
_c[2009]
300 _a532 páginas ;
_c25 cm
504 _aBibliografía: páginas 527-532
651 4 _aEspaña-
_xHistoria-
_vDiccionarios.
_98342
651 7 _aAmérica-
_xHistoria-
_vDiccionarios
_9175015
700 1 _aHera, Alberto de la.
_962625
_eaui
852 4 _aES-MaACL
_jN-8031
_cDEPOJ
_xEncuadernación: cartoné
_gDedicatoria autógrafa del autor
_9198161
_hDonación: Miguel Romero Sáiz
903 _aRomero Sáiz, Miguel,
_d1952-
_ednr
_9150914
942 _cMONOGRAFIA
_n0
999 _c190972
_d190972